Catálogo
 En Linea

Índice general de la legislación de la República Dominicana año 1982 : (Registro nro. 26803)

Detalles MARC
000 -CABECERA
campo de control de longitud fija 00891nam a2200205 a 4500
001 - NÚMERO DE CONTROL
campo de control 000027311
005 - FECHA Y HORA DE LA ÚLTIMA TRANSACCIÓN
campo de control 20200930030737.0
008 - DATOS DE LONGITUD FIJA--INFORMACIÓN GENERAL
campo de control de longitud fija 090630s1983 dr f 0 0 0 spa d
082 ## - NÚMERO DE LA CLASIFICACIÓN DECIMAL DEWEY
Número de clasificación 340.016
Número de documento/Ítem R426i
040 ## - FUENTE DE LA CATALOGACIÓN
Centro catalogador/agencia de origen DO-SdBNP
130 1# - ENTRADA PRINCIPAL--TÍTULO UNIFORME
Título uniforme República Dominicana
-- Consultoría Jurídica del Poder Ejecutivo
9 (RLIN) 2814
240 10 - TÍTULO UNIFORME
Título uniforme Leyes, etc.
245 10 - MENCIÓN DE TÍTULO
Título Índice general de la legislación de la República Dominicana año 1982 :
Resto del título sección de registro de leyes consultoría jurídica del poder ejecutivo /.
246 10 - FORMA VARIANTE DE TÍTULO
Título propio/Titulo breve Legislación de la República Dominicana
260 ## - PUBLICACIÓN, DISTRIBUCIÓN, ETC.
Lugar de publicación, distribución, etc. Santo Domingo :
Nombre del editor, distribuidor, etc. Consultoría Jurídica del Poder Ejecutivo,
Fecha de publicación, distribución, etc. 1983.
300 ## - DESCRIPCIÓN FÍSICA
Extensión 431 p. :
Otras características físicas il. ;
Dimensiones 22 cm.
650 #4 - PUNTO DE ACCESO ADICIONAL DE MATERIA--TÉRMINO DE MATERIA
Término de materia o nombre geográfico como elemento de entrada Legislación
Subdivisión geográfica República Dominicana
Subdivisión de forma ÍNDICE.
9 (RLIN) 13207
650 #4 - PUNTO DE ACCESO ADICIONAL DE MATERIA--TÉRMINO DE MATERIA
Término de materia o nombre geográfico como elemento de entrada Leyes
Subdivisión geográfica República Dominicana
Subdivisión de forma ÍNDICES.
9 (RLIN) 19100
650 #4 - PUNTO DE ACCESO ADICIONAL DE MATERIA--TÉRMINO DE MATERIA
Término de materia o nombre geográfico como elemento de entrada Promulgacion de leyes
Subdivisión geográfica República Dominicana
Subdivisión de forma ÍNDICES.
9 (RLIN) 43264
Existencias
Estado de retiro Estado de pérdida No para préstamo Código de colección Localización permanente Ubicación/localización actual Ubicación en estantería Fecha de adquisición Número de inventario Total de préstamos Signatura topográfica completa Código de barras Fecha visto por última vez Precio válido a partir de Tipo de ítem Koha
    Excluido de préstamo Patrimonio Dominicano Patrimonio Dominicano Patrimonio Dominicano En catalogación 31.03.2011 LF1   340.016 R426i 27311-10 25.06.2020 25.06.2020 Libro y Folleto Colección Patrimonio Dominicano

Con tecnología Koha